Statistics for Државе Света

Click here to take the quiz!

General Stats

  • This quiz has been taken 65 times
  • The average score is 102 of 196

Answers on the Map

Answers color-coded by a green-red scale on the quiz's map according to % correct below.
 

Answer Stats

Answer% Correct
Сједињене Америчке Државе
89%
Русија
83%
Канада
83%
Мексико
83%
Шпанија
83%
Кина
78%
Индија
78%
Србија
78%
Бразил
72%
Исланд
72%
Француска
72%
Словенија
72%
Уједињено Краљевство
72%
Ирска
72%
Иран
72%
Италија
72%
Ирак
72%
Швајцарска
72%
Казахстан
72%
Шведска
72%
Алжир
72%
Португал
72%
Украјина
67%
Уругвај
67%
Финска
67%
Грчка
67%
Данска
67%
Мађарска
67%
Мадагаскар
67%
Холандија
67%
Хрватска
67%
Бугарска
67%
Египат
67%
Норвешка
67%
Чад
67%
Румунија
67%
Немачка
67%
Монголија
67%
Аустралија
67%
Мароко
67%
Пакистан
67%
Демократска Република Конго
67%
Судан
61%
Сан Марино
61%
Индонезија
61%
Република Конго
61%
Словачка
61%
Северна Македонија
61%
Јужноафричка Република
61%
Камерун
61%
Пољска
61%
Туркменистан
61%
Етиопија
61%
Централноафричка Република
61%
Албанија
61%
Ангола
61%
Аустрија
61%
Бангладеш
61%
Мали
61%
Белгија
61%
Белорусија
61%
Нигер
61%
Босна и Херцеговина
61%
Црна Гора
61%
Ватикан
61%
Вијетнам
61%
Азербејџан
61%
Лихтенштајн
61%
Турска
61%
Обала Слоноваче
61%
Панама
61%
Куба
61%
Перу
56%
Нигерија
56%
Литванија
56%
Кипар
56%
Либија
56%
Летонија
56%
Луксембург
56%
Замбија
56%
Молдавија
56%
Доминиканска Република
56%
Аргентина
56%
Бахаме
56%
Џибути
56%
Чиле
56%
Чешка
56%
Хондурас
56%
Хаити
56%
Венецуела
56%
Уједињени Арапски Емирати
56%
Узбекистан
56%
Доминика
56%
Еквадор
56%
Северна Кореја
56%
Тунис
56%
Естонија
56%
Сомалија
56%
Јапан
56%
Јужна Кореја
56%
Тринидад и Тобаго
50%
Того
50%
Таџикистан
50%
Парагвај
50%
Танзанија
50%
Тајван
50%
Непал
50%
Сирија
50%
Саудијска Арабија
50%
Шри Ланка
50%
Јерменија
50%
Габон
50%
Мауританија
50%
Косово
50%
Костарика
50%
Израел
50%
Зимбабве
50%
Еритреја
50%
Ел Салвадор
50%
Белизе
50%
Андора
50%
Антигва и Барбуда
50%
Боливија
50%
Барбадос
50%
Боцвана
44%
Сејшели
44%
Јужни Судан
44%
Јемен
44%
Јамајка
44%
Бенин
44%
Гвајана
44%
Суринам
44%
Тајланд
44%
Камбоџа
44%
Грузија
44%
Гвинеја
44%
Гватемала
44%
Света Луција
44%
Авганистан
44%
Малта
44%
Оман
44%
Киргистан
44%
Мјанмар
44%
Колумбија
44%
Малдиви
44%
Намибија
44%
Монако
44%
Кенија
39%
Зеленортска Острва
39%
Филипини
39%
Гана
39%
Есватини
39%
Малави
39%
Гвинеја Бисао
39%
Екваторијална Гвинеја
39%
Лаос
39%
Нови Зеланд
39%
Бутан
39%
Уганда
39%
Сенегал
39%
Јордан
39%
Руанда
39%
Мозамбик
39%
Сао Томе и Принсипе
39%
Катар
39%
Фиџи
33%
Гамбија
33%
Брунеј
33%
Малезија
33%
Науру
33%
Буркина Фасо
33%
Маурицијус
33%
Гренада
33%
Сијера Леоне
33%
Либан
33%
Лесото
33%
Комори
33%
Кувајт
33%
Папуа Нова Гвинеја
28%
Кирибати
28%
Сент Винсент и Гренадини
28%
Сингапур
28%
Бурунди
28%
Источни Тимор
28%
Никарагва
28%
Либерија
28%
Тувалу
22%
Палау
22%
Завезне Државе Микронезије
22%
Тонга
22%
Бахреин
22%
Самоа
22%
Вануату
17%
Сент Китс и Невис
17%
Маршалска Острва
17%
Соломонова Острва
11%

Score Distribution

Percentile by Number Answered

Percent of People with Each Score

Your Score History

You have not taken this quiz